| 000 | 00369pab a2200145 454500 | ||
|---|---|---|---|
| 008 | 180718b1998 xxu||||| |||| 00| 0 eng d | ||
| 100 | _aKamat, Manjiri N. | ||
| 245 | _aThe war years and the Sholapur cotton textile industry | ||
| 260 | _c1998 | ||
| 300 | _ap.67-82 | ||
| 362 | _aNov-Dec | ||
| 650 | _aTextile industry | ||
| 773 | _aSocial Scientist | ||
| 909 | _a43303 | ||
| 999 |
_c43303 _d43303 |
||